Zachráněna z Osvětimi : skutečný příběh / Nina Majewska-Brown ; z polského originálu Ocalona z Auschwitz ... přeložila Klára Kamenská
Mimořádný skutečný příběh ukazující sílu lásky mezi dvěma lidmi, kteří obětují vše pro toho druhého. Jan Nowaczek se dostal do osvětimského tábora radomským transportem v lednu 1941. V táboře strávil několik měsíců, než se mu podařilo utéct v převleku za esesmana. Při útěku se dostane do rodiny Kuligových, která mu i v době těžkých válečných časů poskytla pomoc, kdy hrozil za napomáhání při útěku trest smrti. Jan Nowaczek byl po nějaké době dopaden a opět uvězněn v koncentračním táboře, nevydržel nátlak při výsleších a prozradil, kdo mu během jeho útěku pomohl... Rodina Kuligových byla první, kde našel pomoc, proto kroky esesmanů směřovaly nejdříve k nim. Těhotná Franciszka Kuligová byla uvězněna a s ní další příbuzní z téže vesnice. Její muž nebyl při zatýkání doma, několik dní se skrýval, nakonec se dobrovolně přihlásil a žádal, aby byl uvězněn výměnou za svou ženu, která byla ve vysokém stupni těhotenství... Nakladatelská anotace. Kráceno.
Record details
- ISBN: 978-80-7433-395-8
- Physical Description: 237 stran : ilustrace, portréty ; 21 cm
- Publisher: [Líbeznice] : Víkend, 2024
Search for related items by subject
| Subject: | Osvětim (koncentrační tábor) koncentrační tábory > Polsko > 1939-1945 druhá světová válka (1939-1945) concentration camps > Poland World War (1939-1945) |
| Genre: | polské romány válečné romány Polish fiction war novels |
Available copies
- 1 of 1 copy available at Common Catalog SPOK.
Holds
- 0 current holds with 1 total copy.
Show Only Available Copies
| Location | Call Number / Copy Notes | Barcode | Shelving Location | Status | Due Date |
|---|---|---|---|---|---|
| The Jewish community of Prague | K 3984 | 4638304927 | K - Beletrie | Available | - |
| LDR | 05014nam a2201129 i 4500 | ||
|---|---|---|---|
| 001 | 57922 | ||
| 003 | CZ-PrJAB | ||
| 005 | 20240701115301.0 | ||
| 007 | ta | ||
| 008 | 240628s2024 xr ach g 000 fdcze | ||
| 015 | . | ‡acnb003613396 | |
| 020 | . | ‡a978-80-7433-395-8 ‡q(vázáno) | |
| 035 | . | ‡a(CZ PrSKC)4996169 | |
| 040 | . | ‡aABG001 ‡bcze ‡erda | |
| 041 | 1 | . | ‡acze ‡hpol |
| 043 | . | ‡ae-pl--- | |
| 045 | . | ‡ax3x4 | |
| 072 | 7. | ‡a821.162.1 ‡xPolská literatura ‡2Konspekt ‡925 | |
| 080 | . | ‡a821.162.1-31 ‡2MRF | |
| 080 | . | ‡a343.819.5 ‡2MRF | |
| 080 | . | ‡a94(100)"1939/1945" ‡2MRF | |
| 080 | . | ‡a(0:82-311.6) ‡2MRF | |
| 100 | 1 | . | ‡aMajewska-Brown, Nina ‡7xx0254643 ‡4aut |
| 240 | 1 | 0. | ‡aOcalona z Auschwitz. ‡lČesky |
| 245 | 1 | 0. | ‡aZachráněna z Osvětimi : ‡bskutečný příběh / ‡cNina Majewska-Brown ; z polského originálu Ocalona z Auschwitz ... přeložila Klára Kamenská |
| 264 | 1. | ‡a[Líbeznice] : ‡bVíkend, ‡c2024 | |
| 300 | . | ‡a237 stran : ‡bilustrace, portréty ; ‡c21 cm | |
| 336 | . | ‡atext ‡btxt ‡2rdacontent | |
| 337 | . | ‡abez média ‡bn ‡2rdamedia | |
| 338 | . | ‡asvazek ‡bnc ‡2rdacarrier | |
| 520 | 2 | . | ‡aMimořádný skutečný příběh ukazující sílu lásky mezi dvěma lidmi, kteří obětují vše pro toho druhého. ‡bJan Nowaczek se dostal do osvětimského tábora radomským transportem v lednu 1941. V táboře strávil několik měsíců, než se mu podařilo utéct v převleku za esesmana. Při útěku se dostane do rodiny Kuligových, která mu i v době těžkých válečných časů poskytla pomoc, kdy hrozil za napomáhání při útěku trest smrti. Jan Nowaczek byl po nějaké době dopaden a opět uvězněn v koncentračním táboře, nevydržel nátlak při výsleších a prozradil, kdo mu během jeho útěku pomohl... Rodina Kuligových byla první, kde našel pomoc, proto kroky esesmanů směřovaly nejdříve k nim. Těhotná Franciszka Kuligová byla uvězněna a s ní další příbuzní z téže vesnice. Její muž nebyl při zatýkání doma, několik dní se skrýval, nakonec se dobrovolně přihlásil a žádal, aby byl uvězněn výměnou za svou ženu, která byla ve vysokém stupni těhotenství... Nakladatelská anotace. Kráceno. |
| 610 | 2 | 7. | ‡aOsvětim (koncentrační tábor) ‡7olak2003164504 ‡2czenas |
| 650 | 0 | 7. | ‡akoncentrační tábory ‡7ph121782 ‡zPolsko ‡y1939-1945 ‡2czenas |
| 650 | 0 | 7. | ‡adruhá světová válka (1939-1945) ‡7ph117270 ‡2czenas |
| 650 | 9. | ‡aconcentration camps ‡zPoland ‡2eczenas | |
| 650 | 9. | ‡aWorld War (1939-1945) ‡2eczenas | |
| 655 | 7. | ‡apolské romány ‡7fd133084 ‡2czenas | |
| 655 | 7. | ‡aválečné romány ‡7fd133831 ‡2czenas | |
| 655 | 9. | ‡aPolish fiction ‡2eczenas | |
| 655 | 9. | ‡awar novels ‡2eczenas | |
| 700 | 1 | . | ‡aKamenská, Klára, ‡d1981- ‡7mzk2014838021 ‡4aut |
| 910 | . | ‡aABE461 | |
| 995 | . | ‡aska | |
| 901 | . | ‡a57922 ‡bAUTOGEN ‡c57922 ‡tbiblio | |